000 00607nam a2200181 a 4500
001 000016000
005 20240320074001.0
008 100223s2008 dr 001 0 spa d
040 _aDO-SdBNP
_bspa
_cBNPHU
082 _axxx
_bS127d
100 1 _a Sáez , José Luis
_d1937-
_9620
245 1 4 _aLos Dominicos en Santo Domingo :
_bsiglos XIX-XX /
_cJosé Luis Sáez; edición Rafael Bello Peguero.
260 _aSanto Domingo :
_bAmigo del Hogar,
_c2008.
300 _a39 p. ;
_c21 cm.
500 _aIncluye notas al pie de páginas
700 1 _aBello Peguero, Rafael,
_d1932-2022
_eed.
_92405
049 _aBNPD
999 _c15542
_d15542